00417nam a22001577a 450000500170000001000150001702000260003203500140005803700130007208200080008510000300009324500370012326000390016027000330019930000270023220220805172616.0 aENG-134329 a9789391984113c650.00 aEN-117861 bDBAD/PUB a881 aShastry, R.M. Prabhulinga aPoems/cR.M. Prabhulinga Shastry aBareillybPrakash Book Depotc2021 aBara BazarbBareillye243003 axiii, 232p.c22cm(pbk)